000 00315nam a2200133Ia 4500
005 20260328104311.0
008 260328s9999||||xx |||||||||||||| ||und||
100 _aMuir, John
245 4 _aThe Laws Guide to Drawing Birds /
_cJohn Muir
260 _bAudubon
300 _a117 p.
650 _aDIBUJO
942 _cBK
999 _c10958
_d10958